| 000 | 00749nam a2200229Ia 4500 | ||
|---|---|---|---|
| 003 | GCL | ||
| 008 | 140319s9999 xx 000 0 ara d | ||
| 040 |
_aGCL / _cGCL |
||
| 082 | 0 | 4 |
_a613.7 _bم ى |
| 100 | 1 | _aمحمود ربيع الملط | |
| 245 | 1 | 0 |
_aاليوجا: طريق الى الصحة والسعادة والاخلاق الرفيعة / _cمحمود ربيع الملط |
| 260 |
_a[S.N] : _bالدار المصرية اللبنانية ، _c1992 |
||
| 300 | _a218 ص | ||
| 490 | _a | ||
| 650 | 0 | 4 | _aالهند |
| 650 | 0 | 4 | _aالتأثير الفسيولوجى |
| 650 | 0 | 4 | _aالاستخدام العلاجى |
| 650 | 0 | 4 | _aالتدريب |
| 650 | 0 | 4 | _aاليوجا |
| 650 | 0 | 4 | _aالفلسفة الهندية |
| 942 |
_2ddc _cBK |
||
| 999 |
_c31276 _d31276 |
||